000 00479nam a2200169 i 4500
001 55138
003 ES-MaACL
005 20230906163105.0
007 t|
008 030912s1968 sp ||||1| spa d
100 1 _aDelibes, Miguel,
_d1920-2010
_9233557
245 1 0 _aViejas historias de Castilla la Vieja /
_cMiguel Delibes.
260 _aBarcelona :
_bLumen,
_c[1968]
300 _a152 p. ;
_c18 cm.
852 _aES-MaACL
_jC-35632
_bR.69552
999 _c55138
_d55138